[Event "Vladivostok Primorsky Debut"]
[Site "Vladivostok"]
[Date "2016.07.28"]
[Round "8"]
[White "Emeliantsev, Anatoliy"]
[Black "Obodenko, Amir"]
[Result "1-0"]
[WhiteElo "2361"]
[BlackElo "2304"]
[PlyCount "67"]
[EventDate "2016.07.21"]
[EventType "swiss"]
[EventRounds "9"]
[EventCountry "RUS"]
[SourceTitle "CBM 173 Extra"]
[Source "ChessBase"]
[SourceDate "2016.08.29"]
[SourceVersion "1"]
[SourceVersionDate "2016.08.29"]
[SourceQuality "1"]

1. d4 Nf6 2. c4 e6 3. Nc3 d5 4. Bg5 Be7 5. e3 0-0 6. Nf3 b6 7. Bd3 h6 8. Bxf6 Bxf6 9. cxd5 exd5 10. Rc1 Be6 11. 0-0 c5 12. dxc5 bxc5 13. e4 d4 14. Na4 Bxa2 15. b3 Nc6 16. Ra1 Nb4 17. e5 Be7 18. Bc4 Rc8 19. Ne1 Qc7 20. f4 Qb7 21. Nd3 Nxd3 22. Qxd3 Bxb3 23. Bxb3 Kh8 24. Nb2 Rb8 25. Bc2 g6 26. Nc4 Qd7 27. f5 Rg8 28. e6 fxe6 29. fxg6 Rg7 30. Ne5 Qd5 31. Nf7+ Kg8 32. Nxh6+ Kh8 33. Nf7+ Kg8 34. Qh3 1-0

[Event "Nezhmetdinov Memorial 38th"]
[Site "Kazan"]
[Date "2016.06.08"]
[Round "9"]
[White "Faizrakhmanov, Ramil"]
[Black "Obodenko, Amir"]
[Result "1-0"]
[WhiteElo "2422"]
[BlackElo "2263"]
[PlyCount "59"]
[EventDate "2016.05.31"]
[EventType "swiss"]
[EventRounds "9"]
[EventCountry "RUS"]
[SourceTitle "CBM 172 Extra"]
[Source "ChessBase"]
[SourceDate "2016.06.21"]
[SourceVersion "1"]
[SourceVersionDate "2016.06.21"]
[SourceQuality "1"]

1. d4 Nf6 2. c4 e6 3. Nf3 d5 4. Nc3 Be7 5. Bg5 0-0 6. e3 h6 7. Bxf6 Bxf6 8. Qd2 dxc4 9. Bxc4 Nd7 10. h4 c5 11. g4 cxd4 12. exd4 e5 13. g5 exd4 14. Ne2 Ne5 15. Nxe5 Bxe5 16. f4 Bc7 17. gxh6 gxh6 18. Rg1+ Kh7 19. 0-0-0 Bf5 20. Nxd4 Be4 21. Qe3 Qe7 22. Nf5 Qe8 23. Bd3 Bxd3 24. Qxd3 Bxf4+ 25. Kb1 Kh8 26. Qf3 Qe5 27. Rd5 Qc7 28. Rf1 Rfe8 29. Nd6 Re5 30. Qxf4 1-0

[Event "Nezhmetdinov Memorial 38th"]
[Site "Kazan"]
[Date "2016.06.05"]
[Round "6"]
[White "Mohammad, Nubairshah Shaikh"]
[Black "Obodenko, Amir"]
[Result "1-0"]
[WhiteElo "2413"]
[BlackElo "2263"]
[PlyCount "51"]
[EventDate "2016.05.31"]
[EventType "swiss"]
[EventRounds "9"]
[EventCountry "RUS"]
[SourceTitle "CBM 172 Extra"]
[Source "ChessBase"]
[SourceDate "2016.06.21"]
[SourceVersion "1"]
[SourceVersionDate "2016.06.21"]
[SourceQuality "1"]

1. c4 e5 2. Nc3 Nc6 3. Nf3 d6 4. d4 Be7 5. d5 Nb8 6. e4 f5 7. Bd3 f4 8. g3 fxg3 9. hxg3 Bg4 10. Be2 Nd7 11. Be3 c5 12. a3 Ngf6 13. Ng5 Bxe2 14. Qxe2 Nf8 15. f4 h5 16. 0-0-0 Ng4 17. Ne6 Nxe6 18. dxe6 Qa5 19. Rxh5 Rxh5 20. Qxg4 Rh2 21. Qg6+ Kd8 22. fxe5 Qb6 23. Nb5 a6 24. exd6 Bf6 25. Bg5 Rf2 26. Qxg7 1-0